| 000 | 00446nam a22001457a 4500 | ||
|---|---|---|---|
| 008 | 131127b xxu||||| |||| 00| 0 eng d | ||
| 020 | _a571083439 | ||
| 050 | _aSPC DT516.7.P47 1969 | ||
| 100 |
_aPeterson, John Eric _94312 |
||
| 245 |
_aProvince of freedom _bA history of Sierra Leone 1787-1870 |
||
| 260 |
_aLondon _bFaber & Faber _c1969 |
||
| 300 |
_a346p. _c22cm |
||
| 650 |
_aSierra Leone - History - To 1896 _94313 |
||
| 942 |
_2lcc _cMONOGRAPH |
||
| 999 |
_c118819 _d118819 |
||